000 00232nam a22000857a 4500
008 170603b xxu||||| |||| 00| 0 eng d
100 _93248
_aSingh S.P
245 _aThe begin with learning ABC
260 _aNew Delhi
_bArya Publication
_c1997
999 _c6562
_d6562